Majster zaváhal iba v druhom sete Extraliga volejbalistiek - 2. kolo v skupine o 1.-4. miesto i v skupine o 5.-10. miesto

Bibliographic Details
Format: Article
Language:Slovak
PhysicalDescription:Fotogr.
ISSN:0139-7001
Subjects:

MARC

LEADER 00000nab a2200000 a 4500
001 vtls000783084
003 SK-MaSNL
005 20260302153433.0
008 180206c2002 xo 0 slo
015 |a SNBRB2002/02-05440 
035 |a CLN000134795 
040 |a SNKBUCL  |b slo  |c SNKBUCL  |e AACR2 
041 0 |a slo 
044 |a xo  |c SK 
080 |a 796.325.093.1  |2 UDC-MRF-SK2 
245 0 0 |a Majster zaváhal iba v druhom sete  |b Extraliga volejbalistiek - 2. kolo v skupine o 1.-4. miesto i v skupine o 5.-10. miesto 
300 |b Fotogr. 
650 0 7 |a volejbal  |x ženy  |x Extraliga  |y sezóna 2001/2002  |2 snkbucl  |9 848437 
655 7 |a články z novín a časopisov  |2 snkbucl  |9 267496 
773 0 |x 0139-7001  |t Šport  |g Roč. 56, č. 17 (21.1.2002), s. 11 
850 |a Slovenská národná knižnica v Martine 
852 |a SNK  |b KIS3GCP 
958 |a RBX 
999 |c 1365421  |d 1367351